000 00291nam a22001337a 4500
008 180207b xxu||||| |||| 00| 0 eng d
020 _a9780618611058
041 _aeng
080 _a51
100 _a36
101 _aMAT
245 _aBrief applied calculus
_cWilson,F.C
942 _2udc
_cBK
999 _c42007
_d42007